| 000 | 01057nas a2200325 4500 | ||
|---|---|---|---|
| 001 | BR2016001977 | ||
| 003 | BR-BrBNA | ||
| 005 | 20231205130346.0 | ||
| 007 | ta | ||
| 008 | 230509b bl.|||p| |||| 00| 00por d | ||
| 040 |
_aBR-BrBNA _bpor _cBiblioteca Nacional de Agricultura |
||
| 041 | _a(En) | ||
| 072 | _aL72 | ||
| 100 | 1 | _aRezende, H.H.A. | |
| 100 | 1 | _aAvelar, J.B. | |
| 100 | 1 | _aStorchilo, H.R. | |
| 100 | 1 | _aVinaud, M.C. | |
| 100 | 1 | _aCastro, A.M. de | |
| 245 | 1 | _aEvaluation of the accuracy of parasitological techniques for the diagnosis of intestinal parasites in cats | |
| 650 | _aGATO | ||
| 650 | _aPARASITOLOGIA | ||
| 650 | _aPARASITO DE ANIMAL | ||
| 650 | _aDIAGNOSTICO | ||
| 650 | _aTOXOPLASMA GONDII | ||
| 650 | _aINTESTINO | ||
| 773 | 0 |
_tBrazilian Journal of Veterinary Parasitology (Brazil) _xISSN 1984-2961 _g(Oct-Dec 2015), v. 24(4) p. 471-474 _wBR2016001977 |
|
| 856 | 4 | 0 | _uhttp://www.scielo.br/pdf/rbpv/v24n4/1984-2961-rbpv-S1984-29612015069.pdf |
| 909 |
_a202311 _bLúcia _c55 _dLúcia Elande |
||
| 942 |
_2AGRIS _n0 _cANA |
||
| 999 |
_c249032 _d249032 |
||